Welcome to CU Library Online Public Access Catalogue (OPAC)

Introduction to sociology / (Record no. 3015)

MARC details
000 -LEADER
fixed length control field 00656cam a2200193 i 4500
001 - CONTROL NUMBER
control field 18795740
005 - DATE AND TIME OF LATEST TRANSACTION
control field 20250124131134.0
008 - FIXED-LENGTH DATA ELEMENTS--GENERAL INFORMATION
fixed length control field 150925s2016 nyuab b 001 0 eng
020 ## - INTERNATIONAL STANDARD BOOK NUMBER
International Standard Book Number 9780393264319 (pbk. : alk. paper)
050 00 - LIBRARY OF CONGRESS CALL NUMBER
Classification number HM585
Item number .G53 2016
082 00 - DEWEY DECIMAL CLASSIFICATION NUMBER
Classification number 301
Edition information 23
100 1# - MAIN ENTRY--PERSONAL NAME
Personal name Giddens, Anthony,
Relator term author.
245 10 - TITLE STATEMENT
Title Introduction to sociology /
Statement of responsibility, etc. Anthony Giddens, Mitchell Duneier, Richard P. Appelbaum, Deborah Carr.
250 ## - EDITION STATEMENT
Edition statement 10e [edition].
260 ## - PUBLICATION, DISTRIBUTION, ETC.
Place of publication, distribution, etc. New York
Name of publisher, distributor, etc. W. W. Norton & Company, INC
Date of publication, distribution, etc. 2016
300 ## - PHYSICAL DESCRIPTION
Extent xviii, 563 pages :
Other physical details chiefly color illustrations, maps ;
Dimensions 27 cm
650 #0 - SUBJECT ADDED ENTRY--TOPICAL TERM
Topical term or geographic name entry element Sociology.
942 ## - ADDED ENTRY ELEMENTS (KOHA)
Source of classification or shelving scheme Library of Congress Classification
Koha item type Books
Edition 10e Ed.
Suppress in OPAC No
999 ## -
-- 3015
-- 3015
Holdings
Withdrawn status Lost status Source of classification or shelving scheme Damaged status Not for loan Collection Home library Current library Shelving location Date acquired Total checkouts Full call number Barcode Date last seen Copy number Price effective from Koha item type
    Library of Congress Classification     Non-fiction Business Library (Miotso) Business Library (Miotso) General stacks 01/22/2025   HM585 .G53 2016 BSSM00000637 01/24/2025 1 01/22/2025 Books
© 2023-2024 Copyright: Central University Libraries. All Rights Reserved | Created by: Mahone Tech Office